2020-2021 UEFA Champions League Round of 16 Teams - Statistics

General Stats
  • This quiz has been taken 217 times
  • The average score is 15 of 16
Answer Stats
Country Team % Correct
Italy Juventus
100%
Germany Bayern Munich
99%
Germany Borussia Dortmund
99%
France Paris Saint-Germain
99%
Spain Real Madrid
99%
Spain Atlético Madrid
98%
Spain Barcelona
98%
Portugal Porto
98%
United Kingdom (England) Liverpool
97%
United Kingdom (England) Manchester City
97%
United Kingdom (England) Chelsea
96%
Spain Sevilla
91%
Germany RB Leipzig
89%
Italy Lazio
86%
Italy Atalanta
82%
Germany Borussia Mönchengladbach
68%
No matching quizzes found
Score Distribution
Percent of People with Each Score
Percentile by Number Answered
Your Score History
You have not taken this quiz